| 000 | 00478cam a2200193ua 4500 | ||
|---|---|---|---|
| 001 | 538 | ||
| 005 | 20260515113159.0 | ||
| 008 | 110407n ii |||gr||||Z||||||eng | ||
| 040 | _cMAIN | ||
| 082 | _a342.52 | ||
| 245 |
_aJapanese political system. _cBy A R Tyagi. |
||
| 250 | _a1st. | ||
| 260 |
_aDelhi.: _bAtma ram & sons.,967. |
||
| 300 | _avii, 110 p.:5 cm. | ||
| 653 | _aPolitical science. | ||
| 653 | _aJapanese political science. | ||
| 700 | 1 | _aTyagi, A R., | |
| 942 | _cBK | ||
| 999 |
_c476 _d476 |
||